K rizikám globalizácie a niektorým kontextom zmeny paradigmy

Charakter globalizácie. Dôvody nerevidovateľnosti globality. Ekonomická racionalita a ekonomické správanie. Systém prirodzenej slobody, prirodzenosť človeka. Súčasná ekonómia. Dominancia neoklasickej paradigmy. Zmeny prinesené globalizáciou. Ambivalentnosť procesov globalizácie.

Na minha lista:
Detalhes bibliográficos
Autor principal: Márton, Milan
Formato: Capítulo de Livro
Idioma:eslovaco
Assuntos:
Tags: Adicionar Tag
Sem tags, seja o primeiro a adicionar uma tag!

MARC

LEADER 00000naa$a2200000$$$4500
001 0072913
005 20240502071850.0
041 0 |a slo 
044 |a SK 
245 1 0 |a K rizikám globalizácie a niektorým kontextom zmeny paradigmy  |c Milan Márton 
520 |a Charakter globalizácie. Dôvody nerevidovateľnosti globality. Ekonomická racionalita a ekonomické správanie. Systém prirodzenej slobody, prirodzenosť človeka. Súčasná ekonómia. Dominancia neoklasickej paradigmy. Zmeny prinesené globalizáciou. Ambivalentnosť procesov globalizácie. 
610 2 0 |a globalizácia 
610 2 0 |a paradigma 
610 2 0 |a správanie 
610 2 0 |a myslenie ekonomické 
100 1 |a Márton, Milan